|
|
|
|
| LEADER |
00000nab a2200000 a 4500 |
| 001 |
vtls000509471 |
| 003 |
SK-MaSNL |
| 005 |
20260304094832.0 |
| 008 |
250425c1994 xo 0 slo |
| 015 |
|
|
|a SNBRB19rr/mm-uuuuu
|
| 035 |
|
|
|a CL0509609
|
| 035 |
|
|
|a urn:nbn:sk:snk-abbo5o
|
| 035 |
|
|
|a (urnnbn)urn:nbn:sk:snk:ar-002m3b
|
| 035 |
|
|
|a (uuid)2be6e37f-68e2-4a6b-9c8d-84008038e652
|
| 040 |
|
|
|a SNKBUCL
|b slo
|c SNKBUCL
|e AACR2
|
| 041 |
0 |
|
|a slo
|
| 044 |
|
|
|a xo
|c SK
|
| 080 |
|
|
|a 885.4-3
|2 1981
|
| 100 |
1 |
|
|a Repčiak, Tomáš,
|d 1972-
|4 aut
|9 103262
|
| 245 |
1 |
0 |
|a Martes Zibellina
|c Tomáš Repčiak
|
| 650 |
0 |
7 |
|a poviedky psychologické
|2 snkbucl
|9 893883
|
| 655 |
|
7 |
|a články z novín a časopisov
|2 snkbucl
|9 267496
|
| 773 |
0 |
|
|t Dotyky
|g Roč. 6, č. 1-2 (1994), s. 18-21
|
| 850 |
|
|
|a Slovenská národná knižnica
|
| 852 |
|
|
|a Slovenská národná knižnica
|
| 958 |
|
|
|a article15
|
| 958 |
|
|
|a OND
|
| 958 |
|
|
|a RK
|
| 958 |
|
|
|a LX
|
| 958 |
|
|
|a EUIPO
|
| 992 |
|
|
|a RBX
|
| 999 |
|
|
|c 2829212
|d 2831142
|